|
|
|
|
| LEADER |
01676nam a2200289 a 4500 |
| 001 |
AAL7554 |
| 003 |
BD-DhAAL |
| 005 |
20171031121927.0 |
| 008 |
120718s2008 bg b 000 0 ben |
| 999 |
|
|
|c 38476
|d 38476
|
| 040 |
|
|
|a BD-DhAAL
|c BD-DhAAL
|
| 041 |
0 |
|
|a ben
|
| 082 |
0 |
0 |
|a 954.9/205
|2 22
|
| 100 |
1 |
|
|a ইকবাল, মুহম্মদ জাফর
|9 22734
|
| 245 |
1 |
0 |
|a মুক্তিযুদ্ধের ইতিহাস /
|c মুহম্মদ জাফর ইকবাল
|
| 260 |
|
|
|a ঢাকা :
|b প্রতিতি,
|c ২০০৮
|
| 300 |
|
|
|a ২২ পৃ. ;
|c ২১ সে.মি.
|
| 500 |
|
|
|a গ্রন্থপঞ্জি অন্তর্ভূক্ত
|
| 541 |
|
|
|e 7154
|
| 651 |
|
0 |
|a Bangladesh
|x History
|y Revolution, 1971.
|9 22735
|
| 852 |
1 |
|
|a Savar Campus Library
|c General Shelf.
|
| 942 |
|
|
|2 ddc
|c BK
|
| 952 |
|
|
|0 0
|1 0
|2 ddc
|4 0
|6 954_900000000000000_205_IQB
|7 0
|9 61687
|a SCL
|b SCL
|c GEN
|d 2017-10-31
|g 10.00
|l 2
|o 954.9205 IQB
|p 3020007154
|r 2026-04-23
|s 2026-04-16
|t 1
|w 2017-10-31
|y BK
|
| 952 |
|
|
|0 0
|1 0
|2 ddc
|4 0
|6 954_900000000000000_205_IQB
|7 0
|9 61688
|a SCL
|b SCL
|c GEN
|d 2017-10-31
|g 10.00
|l 0
|o 954.9205 IQB
|p 3020007157
|r 2020-03-11
|t 2
|w 2017-10-31
|y BK
|
| 952 |
|
|
|0 0
|1 0
|2 ddc
|4 0
|6 954_900000000000000_205_IQB
|7 0
|9 61689
|a SCL
|b SCL
|c GEN
|d 2017-10-31
|g 10.00
|l 3
|m 4
|o 954.9205 IQB
|p 3020007155
|r 2022-10-29
|s 2022-10-28
|t 3
|w 2017-10-31
|y BK
|
| 952 |
|
|
|0 0
|1 0
|2 ddc
|4 0
|6 954_900000000000000_205_IQB
|7 0
|9 61690
|a SCL
|b SCL
|c GEN
|d 2017-10-31
|g 10.00
|l 0
|o 954.9205 IQB
|p 3020007156
|r 2017-10-31
|t 4
|w 2017-10-31
|y BK
|
| 952 |
|
|
|0 0
|1 0
|2 ddc
|4 0
|6 954_900000000000000_205_IQB
|7 0
|9 61691
|a SCL
|b SCL
|c GEN
|d 2017-10-31
|g 10.00
|l 0
|o 954.9205 IQB
|p 3020007159
|r 2017-10-31
|t 5
|w 2017-10-31
|y BK
|